Main science and technology indicators = Pricipaux indicateurs de la science et de la technologie
Sparad:
| Materialtyp: | Bok |
|---|---|
| Språk: | Undetermined |
| Publicerad: |
Paris
OECD
1987
|
| Ämnen: | |
| Taggar: |
Lägg till en tagg
Inga taggar, Lägg till första taggen!
|
| Thư viện lưu trữ: | Trung tâm Học liệu Trường Đại học Cần Thơ |
|---|
| LEADER | 00499nam a2200169Ia 4500 | ||
|---|---|---|---|
| 001 | CTU_98128 | ||
| 008 | 210402s9999 xx 000 0 und d | ||
| 082 | |a 338.9 | ||
| 082 | |b M224 | ||
| 245 | 0 | |a Main science and technology indicators = | |
| 245 | 0 | |b Pricipaux indicateurs de la science et de la technologie | |
| 260 | |a Paris | ||
| 260 | |b OECD | ||
| 260 | |c 1987 | ||
| 650 | |a Technology assessment,Science indicators | ||
| 904 | |i Truc | ||
| 980 | |a Trung tâm Học liệu Trường Đại học Cần Thơ | ||